01349nab a22001817a 4500003000400000005001700004008004100021040000700062100002100069245008700090300001300177505074000190505007200930650002301002650001101025650002801036773010301064OSt20260106194314.0190514b xxu||||| |||| 00| 0 spa d cPJ aMorquecho, Lara 10aGestión del período probatorio con perspectiva de género /cLara Morquecho.  ap. 30-41 aSumario: I. Introducción.— II. El sistema de justicia en clave de género.— III. La gestión de la prueba con enfoque convencional.— IV. Algunas herramientas procesales para aplicar en la gestión probatoria con perspectiva de género.— V. La carga dinámica de la prueba.— VI. El principio de colaboración: indicios y buena fe procesal.— VII. La distinción entre institutos y la importancia de la carga dinámica en materia de género como casos complejos.— VIII. La perspectiva de género como pauta de interpretación de las mejores condiciones probatorias.— IX. Jurisprudencia sobre la aplicación de la carga dinámica de la prueba con perspectiva de género: ¿es suficiente?— X. Conclusiones. tSi te interesa el texto, comunicate a koha@justierradelfuego.gov.ar 0aDERECHO DE FAMILIA 0aPRUEBA 0aPERSPECTIVA DE GÉNERO0 02844dBuenos Aires : AbeledoPerrot, 1989-tDerecho de familia. N° 116 - Septiembre 2024z18511201